000 00714nam a2200193 a 4500
001 000027889
005 20240409073641.0
008 110405s1936 dr 000 0 spa d
040 _aDO-SdBNP
_bspa
_cBNPHU
082 _aF-RD 89
245 0 3 _aEl homenaje del periodismo dominicano al presidente Trujillo en el palacio del senado.
260 _aCiudad Trujillo, República Dominicana :
_bTalleres El Diario,
_c1936.
300 _a83 p. ;
_c20 cm.
500 _aIncluye bibliografía y notas al pie de páginas.
600 1 0 _aTrujillo Molina, Rafael Leónidas,
_d 1891-1961
_976764
650 4 _aPeriodismo político
_zRepública Dominicana
_926392
910 _aValidado. Control de calidad EMS.
049 _aBNPD
999 _c27381
_d27381